Покорение космоса: фотоальбом

গ্রন্থ-পঞ্জীর বিবরন
অন্যান্য লেখক: Коваль А. Д. (составитель), Сенкевич В. П., Яранцев О. А.
সংক্ষিপ্ত:К 100-летию со дня рождения В. И. Ленина
ভাষা:রুশ
প্রকাশিত: Москва, Машиностроение, 1969
বিষয়গুলি:
বিন্যাস: MixedMaterials গ্রন্থ
KOHA link:https://koha.lib.tpu.ru/cgi-bin/koha/opac-detail.pl?biblionumber=318060

MARC

LEADER 00000nam0a2200000 4500
001 318060
005 20231101020022.0
035 |a (RuTPU)RU\TPU\book\343541 
035 |a RU\TPU\book\210882 
090 |a 318060 
100 |a 20160419d1969 m y0rusy50 ca 
101 0 |a rus 
102 |a RU 
105 |a a z 010zy 
200 1 |a Покорение космоса  |e фотоальбом  |f сост. А. Д. Коваль [и др.] 
210 |a Москва  |c Машиностроение  |d 1969 
215 |a 148 с.  |c ил. 
300 |a К 100-летию со дня рождения В. И. Ленина 
610 1 |a космонавтика 
610 1 |a СССР 
610 1 |a фотоальбомы 
610 1 |a история 
610 1 |a спутники 
610 1 |a орбитальные станции 
610 1 |a Вселенная 
610 1 |a аргонавты 
675 |a 629.78  |v 4 
702 1 |a Коваль  |b А. Д.  |4 220 
702 1 |a Сенкевич  |b В. П.  |4 220 
702 1 |a Яранцев  |b О. А.  |4 220 
801 1 |a RU  |b 63413507  |c 20110323 
801 2 |a RU  |b 63413507  |c 20220404  |g RCR 
942 |c BK